Word Ladder: Antonym Chain II Quiz Stats

 Plays Quiz Updated Mar 30, 2019

Score 0/56 Timer 07:00
2 Plays Today
Clue 4-Letter Word % Correct
Deceased; no longer living• DEAD •
98.1%
Johnny Cash: 'I Walk the ____'LINE
97%
Perceive with one's earsHEAR
96.9%
Give to someone to borrowLEND
96.5%
Group of cattleHERD
96.1%
Element symbolized as 'Pb'LEAD
96.1%
Opening word of many lettersDEAR
96.1%
Lacking hairBALD
95.8%
Green citrus fruitLIME
95.4%
Sheep's hairWOOL
95.3%
Narrow road; part of a highwayLANE
95.1%
Italy's shape, colloquiallyBOOT
94.6%
Opposite of rightLEFT
94.5%
Roosevelt's coinDIME
94.2%
Prize for an early birdWORM
94%
Six ____ underFEET
93.4%
Delayed in movements; low speed• SLOW •
93.4%
Low temperature; hip• COOL •
93.3%
High speed; to abstain from food• FAST •
93.3%
Terra firmaLAND
92.9%
Place to insert a coinSLOT
92.8%
Alive, as a body; high temperature• WARM •
92.8%
List of actors in a productionCAST
92.7%
Firm; unmovingHARD
92.6%
Bundle of hayBALE
92.5%
Partner of 'Tell' in kindergartenSHOW
92.5%
Chimney residueSOOT
92.4%
To injure or cause painHARM
92.2%
Clue 4-Letter Word % Correct
Unhip; unable to walk• LAME •
92.2%
Price of an itemCOST
92.2%
Winter outerwearCOAT
92.2%
Ctrl + B, for a fontBOLD
92.2%
Place to buy goodsSHOP
92%
Mr. in MunichHERR
91.8%
____ Straits, 'Walk of Life' bandDIRE
91.7%
To become cracked or sore, as lipsCHAP
91.7%
Talk informallyCHAT
91.6%
Cut or hackCHOP
91.2%
Soil; gossipDIRT
90.9%
Partner of 'set' and 'match'GAME
90.8%
2008 Disney dog toonBOLT
90.7%
Aquatic bird (or old fool)COOT
90.4%
Strong wind; Dorothy from 'The Wiz'GALE
90.4%
Pub projectileDART
89.9%
'Get Lucky' band ____ PunkDAFT
89.4%
Room under the roofLOFT
89.4%
Large gathering or partyFEST
89.2%
To ingest food• FEED •
88.6%
Flexible; quiet musicSOFT
88.4%
Document asserting ownershipDEED
88.3%
Quick in one's movements• DEFT •
87.7%
Type of golf clubWOOD
86.6%
Animated; operational; alert• LIVE •
85.3%
Weird Al parody: '____ Crimes'WORD
84.4%
Insect repellentDEET
82.6%
Atkins or South Beach, e.g.• DIET •
81.2%

Today's Daily Dose

Word Ladder
Lean on Me

Get the Picture
Superhero by Villain

You're not logged in!

Compare scores with friends on all Sporcle quizzes.
OR
Log In

Sporcle TV

Today on Sporcle TV


Watch our educational content, quiz creation guides, and fun videos on Sporcle TV.

Show Comments

Extras

Top Quizzes Today


Score Distribution

Your Account Isn't Verified!

In order to create a playlist on Sporcle, you need to verify the email address you used during registration. Go to your Sporcle Settings to finish the process.

Report this User

Report this user for behavior that violates our Community Guidelines.

Details: